Der Tod der altpreußischen Sprache in J. Bobrowskis und J. Tysliavas Gedichten

Titel: Der Tod der altpreußischen Sprache in J. Bobrowskis und J. Tysliavas Gedichten / Sigita Barniškienė
Verfasser:
In: Zeit aus Schweigen, (2009), Seite 207-216
alle Artikel anzeigen
Veröffentlicht: 2009
Format: Aufsatz
Sprache: Deutsch
Schlagworte:
Kein Bild verfügbar
X
alg: 22351523
001A    $04504:21-05-10 
001B    $03025:08-11-18 $t12:58:46.000 
001C    $04504:21-05-10 $t15:14:23.000 
001D    $04504:21-05-10 
001U    $0utf8 
001X    $00 
002@    $0Aou 
003@    $022351523X 
007A    $022351523X $aHEB 
010@    $ager 
011@    $a2009 
021A    $aDer @Tod der altpreußischen Sprache in J. Bobrowskis und J. Tysliavas Gedichten $hSigita Barniškienė 
028A    $7128662174 $8Barniškienė, Sigita$Z1958- [Tp1] $9159126967 
031A    $h207-216 $j2009 
039B    $aIn $8--Aau--. Zeit aus Schweigen. - München : Meidenbauer, 2009. - 451 S.. - Ill., graph. Darst., Kt., Notenbeisp.. - ISBN 978-3-89975-119-2 $x200900000000000793 $9219917744 
044K    $#Bobrowsky, Johannes $#Bobrovskis, Johanesas $#Bobrovskij, Iogannes $#Bobrowski, Johannes Konrad Bernhard $#Bobṛuvskī, Johannis $#בוברובסקי, יוהאנס $7118512161 $8Bobrowski, Johannes$Z1917-1965 [Tp1] $9093003943 
044K    $713853389X $8Tysliava, Juozas$Z1902-1961 [Tp1] $921344027X 
044K    $RLiteratur $RDas @Lyrische $#Poetry $#Poetry History and criticism $#Lyric poetry $#Poésie $#Poésie lyrique $#Poesia lirica $#Poesía $#Poesía lírica $#Gedicht Lyrik $#Poem Lyrik $#Dichtung Lyrik $#Poesie $#Lyrisches Werk $#Lyrikwerk $#Gedichtwerk $74036774-5 $8Lyrik [Tsz] $9085099805 
044K    $RMotiv $74232002-1 $8Sprache$gMotiv [Ts1] $9086212230 
044K    $RWestbaltische Sprachen $RPreußen $#Preußisch Prussisch $74120129-2 $8Altpreußisch [Ts1] $908538190X 
044M    $pTysliava, Juozas 
045V    $aBobrowski, Johannes $818.14.00$jZu einzelnen Autoren [Tkx] $911884380X 

lok: 22351523 62

exp: 22351523 62 1 #EPN
201B/01 $021-05-10 $t22:41:50.000 
203@/01 $0593276493 
208@/01 $a21-05-10 $be 
209A/01 $a/ $f000 $x00 
209B/01 $a2010 $x05 
247C/01 $8Frankfurt, Bibliographie der Deutschen Sprach- und Literaturwissenschaft $9113214561 
201U/01 $0utf8 

lok: 22351523 78

exp: 22351523 78 1 #EPN
201B/01 $008-11-18 $t12:57:46.000 
201C/01 $008-11-18 
201U/01 $0utf8 
203@/01 $01034130579 
208@/01 $a08-11-18 $be 
209A/01 $a/ $f000 $x00 
209A/01 $ab*p $x01 
220C/01 $apgar 
244Z/01 $#Litauen $#Litauen $#Lithuania $#Lietuvos Respublika $#République Lithuanienne $#Lithuanie $#Litva 1918 - 1940, 1991, 9 - $#Litovskaja Respublika $#Lithuania 1918 - 1940, 1991, 9 - $#Republik Litauen $#Republic of Lithuania $#Lithuanian Republic $#Litauische Republik $#Lietuva $74074266-0 $8--Tg1--Litauen $x01 $9085209074 
244Z/01 $#Preußen $#Preußen $#Brandenburg-Preußen $#Königreich Preußen $#Preußische Staaten $#Preußischer Staat $#Der @Preußische Staat $#Königlich Preußische Staaten $#Prusy Królewskie $#Königlich Preußen $#Prussia $74047194-9 $8--Tg1--Preußen $x02 $9085131652 
247C/01 $82080>Marburg/Lahn, Herder-Institut, Forschungsbibliothek, Bibliographieportal $9336309341
LEADER 00000caa a2200000 c 4500
001 22351523X
003 DE-603
005 20181108125846.0
007 tu
008 100521s2009 xx |||| | u00||u|ger c
035 |a (DE-599)HEB22351523X 
040 |a DE-603  |b ger  |c DE-603  |d DE-603 
041 |a ger 
100 1 |a Barniškienė, Sigita  |d 1958-  |0 (DE-603)159126967  |0 (DE-588)128662174  |2 gnd 
245 0 0 |a ˜Derœ Tod der altpreußischen Sprache in J. Bobrowskis und J. Tysliavas Gedichten  |c Sigita Barniškienė 
264 0 |c 2009 
600 1 7 |a Bobrowski, Johannes  |d 1917-1965  |0 (DE-588)118512161  |0 (DE-603)093003943  |2 gnd 
600 1 7 |a Tysliava, Juozas  |d 1902-1961  |0 (DE-588)13853389X  |0 (DE-603)21344027X  |2 gnd 
650 7 |a Lyrik  |0 (DE-588)4036774-5  |0 (DE-603)085099805  |2 gnd 
650 7 |a Sprache  |g Motiv  |0 (DE-588)4232002-1  |0 (DE-603)086212230  |2 gnd 
650 7 |a Altpreußisch  |0 (DE-588)4120129-2  |0 (DE-603)08538190X  |2 gnd 
773 0 8 |i In  |t Zeit aus Schweigen  |d München : Meidenbauer, 2009  |h 451 S., Ill., graph. Darst., Kt., Notenbeisp.  |z 9783899751192  |g (2009), Seite 207-216  |w (DE-603)219917744 
924 0 |9 603  |a (DE-603)593276493  |b DE-603  |c HES  |d d 
924 0 |9 2080  |a (DE-603)1034130579  |b DE-2080  |c HES  |d d  |g /